[Event "Dortmund"]
[Site "Dortmund"]
[Date "1993.??.??"]
[Round "5"]
[White "Karpov, Anatoly"]
[Black "Serper, Grigory"]
[Result "1-0"]
[WhiteElo "2725"]
[BlackElo "2590"]
[Annotator "Dautov,R"]
[PlyCount "85"]
[EventDate "1993.04.??"]
[EventType "tourn"]
[EventRounds "7"]
[EventCountry "GER"]
[EventCategory "16"]
[SourceTitle "CBM 035"]
[Source "ChessBase"]
[SourceDate "1993.08.01"]
[SourceVersion "1"]
[SourceVersionDate "1993.08.01"]
[SourceQuality "1"]

1. d4 {Hansen,Cu Hansen,LB Ftacnik} Nf6 2. c4 e6 3. Nf3 Bb4+ 4. Bd2 Bxd2+ 5.
Qxd2 d5 (5... O-O {Hansen,LB} 6. g3 d5 7. Bg2 Nbd7 8. Qc2 b6 $5 9. cxd5 Nxd5
10. Nc3 Bb7 11. Nxd5 Bxd5 12. e4 Bb7 13. O-O Rc8 14. Rad1 c6 15. e5 $14 {
Hansen,LB-Andersson,U/Haninge/1992/}) 6. g3 Nbd7 7. Bg2 c6 8. Qc2 (8. Na3 Ne4
9. Qd3 Qa5+ 10. Nd2 Nxd2 11. Qxd2 Qxd2+ 12. Kxd2 Ke7 13. Rhd1 Nf6 14. Rac1 $14
{Karpov-Andersson/Bruxelles/1988}) (8. a4 {Hansen,Cu} a5 9. O-O O-O 10. Rc1 b6
11. Na3 Ba6 12. b4 axb4 13. Qxb4 Rc8 $10 {Beljavski,A-Andersson,U/Reggio/1987/}
) (8. b3 {Hansen,Cu} O-O 9. O-O Qe7 (9... b6 10. Ne5 Nxe5 11. dxe5 Nd7 12. f4
Qe7 13. Nc3 Ba6 14. Rfd1 $14 {Sosonko,G-Andersson,U/Reggio/1985/}) 10. Qb2 b6
11. Nbd2 Bb7 12. cxd5 cxd5 13. Rfc1 Rfc8 14. e3 Ne8 15. Rxc8 Rxc8 16. Rc1 {
0,5/Sosonko,G-Andersson,U/Haninge/1988/}) 8... O-O 9. Nbd2 b6 (9... Qe7 10. O-O
e5 11. cxd5 Nxd5 12. e4 N5f6 13. Rfe1 Rd8 14. Rad1 exd4 15. Nxd4 Nb6 16. N2b3
Bg4 17. f3 Be6 18. Qc5 $14 {Karpov-Andersson/Reykjavik/1991}) 10. e4 (10. O-O
Bb7 11. Rfd1 (11. e4 dxe4 12. Nxe4 c5 13. Nd6 Bc6 14. Rfd1 Qc7 $10) 11... Qe7
12. e4 dxe4 13. Nxe4 c5 14. Nxf6+ Nxf6 15. Qe2 cxd4 16. Nxd4 Bxg2 17. Kxg2 a6
$10 {Ftacnik-Andersson/Manila ol/1992} (17... a6 {Ftacnik} 18. Kg1 Rac8 19. b3
$14 {Ftacnik,L-Andersson,U/Manila ol/1992/} (19. b3 {Hansen,LB} h6 $10 {
Ftacnik,L-Andersson,U/Manila OL/1992/}))) 10... dxe4 11. Nxe4 Nxe4 (11... Bb7
12. Nd6 Ba6 13. Qa4 $16) (11... Qe7 12. O-O Bb7 13. Nxf6+ Nxf6 14. c5 $1 $14)
12. Qxe4 Bb7 13. O-O Rb8 (13... Qe7 14. Ne5 (14. Rad1 {Hansen,LB} Rfd8 15. Rd2
Nf6 16. Qe3 Qc7 17. Rc1 $6 c5 18. Rcd1 cxd4 19. Rxd4 Rxd4 20. Qxd4 Bxf3 $1 21.
Bxf3 Rc8 22. b3 Kf8 $10 {Schroll,G-Bonsch,U/Graz zt/1993/CBM35 249}) 14... Nxe5
15. Qxe5 $14 {/\c5}) (13... Nf6 {Ftacnik}) (13... Nf6 {Hansen,LB} 14. Qe3 Qc7
$14 (14... Qc7 {Hansen,Cu} 15. b4 a5 16. a3 Ra7 17. Ne5 $14 {
Tarjan-Dzindzichashvili/USA-ch/1984/})) 14. Qe3 c5 15. dxc5 (15. Rad1 $5 Qc7 (
15... cxd4 16. Rxd4 Qe7 17. Rfd1 Nf6 18. Ne5 $14) 16. d5 exd5 17. cxd5 Qd6 18.
Nd2 $14) 15... Nxc5 16. Rfd1 Qc7 (16... Qe7 $5 {Hansen,LB}) 17. b4 Nd7 18. Rd4
Nf6 $2 (18... e5 $1 {>=} 19. Rd2 (19. Rh4 Rfe8 {/\Nf6}) (19. Rdd1 {Hansen,LB}
e4 20. Nd4 Ne5 21. Qf4 $5 Nf3+ 22. Bxf3 Qxf4 23. gxf4 exf3 24. Nf5 $16 {_|_}) (
19. Rh4 $5) 19... e4 20. Ng5 Nf6 21. Rd4 Rfe8 $13) 19. Qe5 $5 (19. Rad1 $2 Bxf3
20. Bxf3 e5 $10) (19. Ne5 Bxg2 20. Kxg2 $16) 19... Qe7 (19... Rbc8 20. Qxc7
Rxc7 21. Ne5 Bxg2 22. Kxg2 $16) (19... Qxe5 {Ftacnik} 20. Nxe5 Bxg2 21. Kxg2
Rfd8 22. Rad1 Rxd4 23. Rxd4 $16) 20. a3 Rbc8 (20... Rbd8 21. Rad1 Rxd4 22. Qxd4
Rc8 23. Ne5 $16) 21. Rad1 $16 {<->d} Rc7 22. Nh4 $1 Rfc8 $2 (22... Bxg2 23.
Nxg2 Rfc8 24. Ne3 Nd7 (24... h6 $14 {Ftacnik}) 25. Qe4 $1 (25. Qd6 Qxd6 26.
Rxd6 Nf6 27. Rd8+ Ne8 {/\Kf8-e7}) (25. Qb5 Nf6 26. a4 h6 27. a5 Rb7 $1 28. a6
Rbc7 $14 {><b4}) 25... Nf6 26. Qd3 $16) 23. Nf5 $1 $18 exf5 (23... Qf8 24. Bxb7
Rxb7 25. Nd6 $18) (23... Qe8 {Ftacnik} 24. Nd6 $18) 24. Qxe7 Rxe7 25. Bxb7 Rf8
(25... Rxb7 {Ftacnik} 26. Rd8+ $18) 26. Ba6 g6 27. c5 bxc5 28. bxc5 Rc7 29. Rc1
Re8 30. c6 Kg7 (30... Kf8 {Hansen,Cu}) 31. Kf1 Re5 (31... Ng4 32. Rd7 Rxd7 33.
cxd7 Rd8 34. Bb5 Kf6 35. Rc7 Nxh2+ 36. Kg2 Ng4 37. Rxa7 Ke7 38. a4 Nf6 39. a5
Nxd7 40. a6 $18) 32. Bb7 Ra5 (32... Kf8 33. Re1 $1 Rd5 (33... Ra5 34. Rd8+ Kg7
35. Red1 $18) 34. Red1 $1 Rxd4 (34... Ra5 35. Rd7 Ne8 36. Re1 $18) 35. Rxd4 Ne4
36. Ra4 Nc5 37. Rxa7 $18) (32... Kf8 {Hansen,Cu /\Ke7}) 33. Rcd1 $1 Re5 {/\Rd7}
(33... Rxa3 {Ftacnik} 34. Rd7 Nxd7 35. cxd7 $18) 34. Rd7 Re7 35. Rxc7 Rxc7 36.
Rd8 Re7 37. f3 g5 (37... Ne8 {Ftacnik} 38. Rxe8 Rxe8 39. c7 $18) 38. Ra8 g4 39.
fxg4 fxg4 (39... Nxg4 {Hansen,LB} 40. h3 $18) 40. Rxa7 Nd5 41. Ra4 Ne3+ 42. Kg1
Kf6 43. Rf4+ (43. Rf4+ {Ftacnik} Kg5 (43... Ke5 44. Re4+ $3 Kxe4 45. c7+ Ke5
46. c8=Q $18) 44. a4 $18) 1-0

[Event "Bundesliga 0405"]
[Site "Germany"]
[Date "2005.01.29"]
[Round "8.4"]
[White "Dautov, Rustem"]
[Black "Wahls, Matthias"]
[Result "1-0"]
[WhiteElo "2623"]
[BlackElo "2551"]
[Annotator "Dautov,R"]
[PlyCount "59"]
[EventDate "2004.11.12"]
[EventType "team-tourn"]
[EventRounds "15"]
[EventCountry "GER"]
[SourceTitle "CBM 106"]
[Source "ChessBase"]
[SourceDate "2005.06.06"]
[SourceVersion "1"]
[SourceVersionDate "2005.06.06"]
[SourceQuality "1"]
[WhiteTeam "Baden Oos"]
[BlackTeam "Hamburger SK"]
[WhiteTeamCountry "GER"]
[BlackTeamCountry "GER"]

1. d4 Nf6 2. c4 e6 3. Nf3 Bb4+ 4. Bd2 Qe7 5. g3 Nc6 6. Nc3 Bxc3 7. Bxc3 Ne4 8.
Rc1 O-O 9. Bg2 d6 10. d5 Nd8 11. O-O e5 {Dies ist eine der Hauptvarianten des
Bogoindisch.} 12. Nd2 $1 {Der Zug ist m. E. genauer als die ebenfalls sehr
verbreitete Fortsetzung 12.c5.} (12. c5 Nxc3 13. Rxc3 dxc5 $1 14. Qc2 e4 15.
Nd2 f5 16. Rxc5 c6 $11) 12... Nxc3 13. Rxc3 f5 (13... b6 $5) 14. c5 Nf7 (14...
dxc5 15. Nb3 $1 e4 16. Nxc5 $14) 15. cxd6 (15. Qb3 b6 16. cxd6 cxd6 {ergibt
nur eine Zugumstellung.}) 15... cxd6 16. Qb3 b6 17. Qa3 Bb7 {Mit diesem Zug
signalisiert Schwarz seine Entschlossentheit, für die offene c-Linie zu
kämpfen. Solange die weißen Türme diese beherrschen, kann der Nachziehende
kein vollwertiges Gegenspiel entfalten.} (17... a5 18. Rfc1 Ba6 19. Rc7 Qf6 20.
e3 e4 21. Nb3 Qe5 22. Nd4 Qxd5 23. f4 $44 {Tkachiev,V-Kortschnoj,V/Biel 2002})
(17... e4 18. Rfc1 Bd7 19. Nb3 Ne5 20. Nd4 Rfc8 21. Rxc8+ Rxc8 22. Rxc8+ Bxc8
23. Nb5 $18 {Kazhgaleyev,M-Izeta Txabarri,F/Cannes 1999}) (17... f4 18. Rfc1
Ng5 $2 19. Nc4 $16) 18. Rfc1 Rfc8 (18... e4 19. Rc7 Qg5 20. f4 exf3 21. Nxf3
Qh6 22. Nd4 Rac8 23. e3 $16) (18... Qg5 $5 19. e3 (19. Nc4 Qg6) 19... e4 20. f4
Qh5 21. Nb3 (21. Qb3 Qe2 22. Nb1 Rac8 23. Bf1 Rxc3 24. Qxc3 Qh5 25. Qa3 Nh6
$132) 21... Bxd5 22. Nd4 a6 23. Rc7 b5 24. Qc3 $44) 19. e4 {Weiß kann ohne
diesen Zug nicht auskommen, denn sonst spielt Schwarz selbst e5-e4 und
schneidet den Bauern d5 ab.} Rxc3 $146 {Der erste neue Zug.} (19... g6 20. h4
Kg7 21. Nc4 b5 22. Na5 a6 23. Nc6 Bxc6 24. dxc6 $16 {Bocharov,D-Grant,J/
Istanbul 2003}) 20. Rxc3 fxe4 {Ein Zug mit Vor- und Nachteilen: einerseits
schwächt Schwarz den gegnerischen Bauern d5, andererseits bekommt der weiße
Springer einen schönen Posten auf e4.} 21. Nxe4 $1 {Ein Bauernopfer...} (21.
Bxe4 Bc8 22. Qa4 Bh3 $13) 21... Qd8 {...das nicht angenommen wird. In der Tat,
bekäme Weiß nach 21...Bxd5 eine langfristige Initiative.} (21... Bxd5 22. Nf6+
gxf6 23. Bxd5 Rd8 24. Qa4 Kh8 25. Qc2 Kg7 26. Rc6 $44 Ng5 27. Rc7 Rd7 28. Rc8
Nf7 (28... Rd8 29. Qc7 $16) 29. Qc4 f5 30. Be6 b5 31. Qd5 Rc7 32. Bxf5 $14) (
21... Bc8 22. h4 Bf5 23. Qa6 Rf8 24. Qc4 $1 $14) (21... Kh8 22. Qb3 Rc8 23. Bh3
$1 (23. h4 Rxc3 24. bxc3 Bc8 $11) 23... Rxc3 24. bxc3 Ng5 25. Nxg5 Qxg5 26. c4
$14) 22. h4 a6 $2 {In seinem Bestreben, die Türme zu tauschen, übersieht Wahls
die Gefahr, die auf der Diagonale c8-h3 kommt. Jetzt oder im nächsten Zug
sollte er mit Bb7-c8 fortsetzen.} (22... a5 $6 23. Qb3 a4 24. Qc4 $16) (22...
b5 $6 23. Qb3 Qb6 24. Bh3 Qd4 25. Be6 Qxe4 26. Qxb5 $18) (22... Bc8 $1 23. Rc6
(23. Ng5 Nxg5 24. hxg5 $14) 23... Bd7 24. Nxd6 Bxc6 25. Nxf7 Kxf7 26. dxc6 $14)
23. Qb3 $16 {><b6, /\Bh3-e6 Deckt den Bauern d5 und befreit damit den Läufer.}
Rc8 $2 {Es gab bereits keine Alternative zu 23...Bc8.} (23... Bc8 $8 24. Qc4
Bf5 25. Qc7 $16) 24. Bh3 Rxc3 25. bxc3 $1 Kf8 26. Be6 $18 {Schwarz ist
verloren: seine beiden Leichtfiguren stehen sehr schlecht und die Schwäche der
Bauern d6 und b6 macht jede Umgruppierung unmöglich.} Nh8 (26... Ke7 27. c4 (
27. Qa3 $18) 27... Bc8 28. Bxc8 Qxc8 29. Qxb6 Qxc4 30. Qb7+ $18) 27. Qa3 (27.
c4 $5 Ke7 28. Qf3 a5 29. Qg4 Qf8 30. Qg5+ Ke8 31. Qe3 $18) 27... Ke7 28. h5 h6
(28... a5 29. c4 Ba6 30. h6 gxh6 31. Qf3 Qf8 32. Qe3 $18) 29. g4 g6 (29... Qc7
30. Ng3 $18) 30. c4 1-0

[Event "Rubinstein Memorial"]
[Site "Polanica Zdroj"]
[Date "1993.??.??"]
[Round "2"]
[White "Ribli, Zoltan"]
[Black "Andersson, Ulf"]
[Result "1/2-1/2"]
[WhiteElo "2610"]
[BlackElo "2625"]
[Annotator "Dautov,R"]
[PlyCount "69"]
[EventDate "1993.08.??"]
[EventType "tourn"]
[EventRounds "11"]
[EventCountry "POL"]
[EventCategory "13"]
[SourceTitle "CBM 037"]
[Source "ChessBase"]
[SourceDate "1993.12.01"]
[SourceVersion "1"]
[SourceVersionDate "1993.12.01"]
[SourceQuality "1"]

1. d4 Nf6 2. c4 e6 3. Nf3 Bb4+ 4. Nbd2 b6 5. a3 Bxd2+ 6. Bxd2 Bb7 7. Bg5 d6 8.
e3 Nbd7 9. Be2 O-O (9... h6 10. Bh4 Qe7 11. O-O g5 12. Bg3 h5 13. h4 Ne4 $132)
10. O-O Re8 (10... Qe7 11. Nd2 e5 12. d5 h6 13. Bh4 $14) 11. Nd2 $1 {N} (11. b4
c5 12. Qb3 Qc7 13. Rfd1 Ne4 14. Bh4 Nf8 15. dxc5 dxc5 16. Bg3 Nxg3 17. hxg3
Red8 $10 {Lerner-Gurevich,M/URS-ch/1985}) 11... c5 12. b4 $14 Qc7 13. Rc1 (13.
Bd3 $5 Rac8 (13... cxd4 14. exd4 e5 (14... d5 $2 15. c5 $16) 15. d5 b5 16. Rc1
Qb8 (16... bxc4 17. Nxc4 Qb8 18. Bf5 g6 19. Bh3 $16) 17. cxb5 (17. Bf5 a5 $13)
17... Bxd5 18. Nc4 $16) (13... e5 14. bxc5 (14. d5 cxb4 15. axb4 a5 $14) 14...
bxc5 15. d5 e4 16. Bc2 $16) (13... d5 $6 14. cxd5 Nxd5 15. Rc1 Rac8 16. e4 N5f6
(16... Nf4 17. Bb5 $16) 17. Be3 $16) 14. Rc1 Qb8 15. Qb3 d5 16. dxc5 bxc5 17.
b5 $14) 13... Ne4 $1 14. Nxe4 Bxe4 15. Qd2 (15. f3 $5 Bb7 16. e4 e5 17. bxc5
bxc5 18. d5 Bc8 (18... Nb6 $5 19. Rb1 Bc8 20. a4 a5 21. Qb3 Ra6 22. Qb5 Qd7 23.
Bd2 $14) 19. Bd2 $1 Nf8 20. Qa4 Bd7 21. Qa5 Qc8 22. Rb1 $14) 15... Nf8 16. f3 (
16. Rfd1 f6 (16... Ng6 $5 17. f3 Bb7 (17... Bc6 $2 18. dxc5 dxc5 19. Qd6 Qxd6
20. Rxd6 Rac8 21. b5 Bb7 22. Rd7 $16) 18. dxc5 dxc5 19. Qd7 Rac8 20. e4 Nf8 21.
Qxc7 Rxc7 $10 {/\e5,Ne6}) 17. Bh4 e5 18. Bg3 Rad8 $10) 16... Bb7 17. e4 e5 $1 (
17... cxd4 $2 18. Qxd4 e5 19. Qd2 Ne6 20. Be3 $16) 18. d5 Bc8 19. Bd3 Ng6 20.
bxc5 bxc5 (20... Qxc5+ $6 21. Be3 Qc7 22. a4 $16) 21. Rb1 Bd7 22. Rb2 f6 23.
Be3 Reb8 24. Rfb1 Rb6 $10 25. Qc1 Rab8 26. Bd2 (26. g3 $5 Rxb2 (26... Qb7 $5
27. Rxb6 axb6 $10) 27. Rxb2 Rxb2 28. Qxb2 Qb6 29. Qc3 Ne7 $10) 26... Rxb2 27.
Rxb2 Rxb2 28. Qxb2 Qb6 29. Qxb6 (29. Qc3 Nf4 $10) 29... axb6 30. Bc2 Kf7 31. a4
Ke7 32. a5 bxa5 33. Bxa5 Nf4 34. Kf2 g5 35. g3 1/2-1/2

[Event "EU-ch 4th"]
[Site "Istanbul"]
[Date "2003.06.07"]
[Round "8"]
[White "Dautov, Rustem"]
[Black "Anastasian, Ashot"]
[Result "1-0"]
[WhiteElo "2611"]
[BlackElo "2561"]
[Annotator "Dautov,R"]
[PlyCount "87"]
[EventDate "2003.05.30"]
[EventType "swiss"]
[EventRounds "13"]
[EventCountry "TUR"]
[SourceTitle "CBM 096"]
[Source "ChessBase"]
[SourceDate "2003.09.25"]
[SourceVersion "1"]
[SourceVersionDate "2003.09.25"]
[SourceQuality "1"]

1. d4 Nf6 2. c4 e6 3. Nf3 Bb4+ 4. Bd2 Qe7 5. g3 Nc6 6. Nc3 Bxc3 7. Bxc3 Ne4 8.
Rc1 O-O 9. Bg2 d6 10. d5 Nxc3 11. Rxc3 Nd8 12. Nd2 e5 13. c5 f5 14. cxd6 cxd6
15. O-O Nf7 16. Qc2 {'I was really very impressed of Tkachiev win over
Kortschnoi in Biel in this line.It was the first game for me (not in database)
,where 16Qb3 had been played.Vlad had explained me some ideas behind it and i
really had waited for the moment to play it.' Dies sollte Schwarz kaum
Eröffnungsprobleme bereiten. Mehr verspricht Weiß die theoretische Fortsetzung
16.Qb3.} (16. Qb3 {I was really very impressed of Tkachiev win over Kortschnoi
in Biel in this line.It was the first game for me (not in database) ,where
16Qb3 had been played.Vlad had explained me some ideas behind it and i really
had waited for the moment to play it.} b6 (16... Qf6 17. Qa3 f4 18. Rc7 Bg4 19.
f3 Bf5 20. g4 Bg6 21. Rxb7 $14 {Yevseev,D-Bocharov,D/Nefteyugansk 2002}) (16...
Qg5 17. f4 $1 Qh5 18. Nf3 Qh6 19. e3 Qf6 20. Rc7 g5 21. Qc3 g4 22. Nh4 $16 {
Avrukh,B-Vlassov,N/Moscow Aeroflot 2003}) 17. Qa3 $1 a5 (17... e4 18. Rfc1 Bd7
19. Nb3 Ne5 20. Nd4 Rfc8 21. Rxc8+ Rxc8 22. Rxc8+ Bxc8 23. Nb5 $16 {
Kazhgaleyev,M-Izeta Txabarri,F/Cannes 1999}) 18. Rfc1 Ba6 19. Rc7 Qf6 20. e3 e4
21. Nb3 Qe5 22. Nd4 Qxd5 23. f4 $1 Nh6 24. R1c6 $16 {Tkachiev,V-Kortschnoj,V/
Biel 2002}) 16... Bd7 17. Rc1 Rfc8 18. Nc4 $146 {Gespielt mit der Idee 19.Na5.
Der sofortige Abtausch aller Türme bringt Weiß nicht mehr als Ausgleich.} (18.
Qb3 b6 19. Qa3 a5 20. Rxc8+ Rxc8 21. Rxc8+ Bxc8 22. Qc3 Qd8 23. f4 Bd7 24. e3
Kf8 $11 {Steinbacher,M-Dizdar,G/Zillertal 1993}) 18... b6 $6 ({Genauer war} 
18... Rc7 $1 19. Na5 (19. Bh3 e4 $11) (19. Qd2 Rac8 $11) 19... Rxc3 20. Qxc3
Rc8 21. Qe3 (21. Qxc8+ Bxc8 22. Rxc8+ Nd8 23. Nxb7 Qxb7 24. Rxd8+ Kf7 25. Rxd6
Qxb2 $11) 21... Rxc1+ 22. Qxc1 Qd8 $1 {Die schwarze Dame wird zum rechten
Zeitpunkt aktiv.} 23. b4 Qb6 (23... b6 $2 24. Nc6 $16) 24. a3 e4 $11) 19. Qd2
g6 {Die Turmverdopplung auf der c-Linie scheitert taktisch, aber besser war
das prophylaktische 19...Rab8.} (19... Rc7 $2 20. Nxb6 $1 Rxc3 21. Nxa8 Rxc1+
22. Qxc1 $16) (19... Rab8 $1 {/\Rc7}) 20. e4 $1 {Weiß nutzt die Zeit, um das
gegnerischen Bauernzentrum anzugreifen.} fxe4 (20... Rab8 21. exf5 gxf5 22. f4
$14) 21. Bxe4 Rab8 ({Verlockend sah} 21... Ng5 22. Bg2 Nh3+ 23. Kh1 Rf8 {
aus, aber nach dem ruhigen} 24. f3 $1 {steht der schwarze Springer eher
schlecht als recht.}) 22. Bg2 Qf6 $6 {Erneut verpaßt Anastasian eine gute
Möglichkeit für die Turmverdoppelung auf der c-Linie, 22...Rc7! hätte für ein
ausgeglichenes Spiel gesorgt.} (22... Rc7 $1 23. Ne3 Rxc3 24. Rxc3 Rc8 $11) 23.
h4 {Weiß hat sich das Feld e4 freigekämpft und sucht nach dem günstigen Moment,
um seinen Springer dorthin zu führen.} a5 $4 {Strategisch gesehen ein guter
Zug (geplant ist Rc8-c5), taktisch stellt Schwarz einen Bauern ein.} (23... Rc7
$4 24. Nxe5 $1 Rxc3 25. Nxd7 $16) 24. b3 $4 {Auch mir entging die einfache
Kombination.} (24. Nxb6 $1 Rxc3 25. Nxd7 $18) 24... h6 $4 {Wie mir Ashot nach
der Partie erzählte, entdeckte er nach diesem Zug mit Schrecken seinen Fehler.
Sicher nicht gerade förderlich für seine Nerven!} (24... Rc5 $1) 25. Qe3 $4 Rc5
$1 {Endlich!} 26. Nd2 {Zu meinem großen Glück merkte ich auch nachträglich
nichts von den verpaßten Chancen und spielte seelenruhig weiter.} Bf5 27. Rc4 {
Mit der Idee a3 und b4.} h5 $2 {Reiner Zeitverlust, besser war sofort 27...g5.}
(27... g5 $1 $132) 28. a3 g5 29. hxg5 Nxg5 30. b4 axb4 31. axb4 Rxc4 32. Rxc4
$6 (32. Nxc4 $1 $16 b5 $2 33. Nxd6 $18) 32... b5 33. Rc6 (33. Rc7 $5 $14) 33...
Ra8 34. Kh2 Nf7 35. Nf3 $2 {Ein Fehler in beginnender Zeitnot. Ich habe die
schwarze Drohung vollkommen übersehen. Einen kleinen, aber dauerhaften Vorteil
behielte Weiß nach 35.Ne4!} (35. Ne4 $1 Bxe4 36. Bxe4 $14 {עg8} Nh6 37. Kg2)
35... Nh6 $1 36. Qe1 $2 $138 {Wie so oft, kommt ein Fehler selten allein. Mit
36.Bh3! ließ sich der Schaden in Grenzen halten.} (36. Bh3 $1 Bxh3 (36... Ra2
$2 37. Nxe5 $1 Bxh3 38. Kxh3 $14) 37. Kxh3 Ng4 38. Qg5+ Qxg5 39. Nxg5 $11)
36... Ra2 $2 $138 {Zu meinem Glück nutzt Anastasian seine Chance nicht. Er
konnte mit 36...Ng4+ und 37...e4! einen starken Angriff starten.} (36... Ng4+
$1 37. Kg1 e4 $1 38. Nh4 (38. Nd2 Qd4 $17) (38. Nh2 Qb2 $17) 38... Qb2 $1 39.
Rc1 Bh7 40. Rd1 Ra2 $17) 37. Kg1 Ng4 38. Nd2 Bd7 $2 {Das Durcheinander in
gegenseitiger Zeitnot geht weiter, nun übersieht Anastasian meine
offensichtliche Antwort.} (38... Qg5 39. Ne4 Bxe4 40. Rc8+ Kg7 41. Rc7+ $11) (
38... Qe7 $11) 39. Ne4 Qe7 40. Rxd6 Bf5 41. Rc6 Bxe4 $2 {Der Verlustzug. Nur
mit 41...Qa7! ließ sich die Partie noch retten.} (41... Qa7 $1 42. d6 Ra1 43.
Rc1 Rxc1 44. Qxc1 Bxe4 45. Qg5+ (45. Qc8+ Kf7 46. Qc7+ Qxc7 47. dxc7 Bf5 48.
Bb7 Nf6 $11) 45... Kf8 46. Qe7+ Qxe7 47. dxe7+ Kxe7 48. Bxe4 Kd6 $11) 42. Qxe4
$18 Qf7 43. Bf3 Nxf2 (43... Rxf2 44. Bxg4 Rf1+ 45. Kg2 Qf2+ 46. Kh3 $18) 44.
Rc8+ 1-0

[Event "Rubinstein Memorial"]
[Site "Polanica Zdroj"]
[Date "1993.??.??"]
[Round "1"]
[White "Romanishin, Oleg M"]
[Black "Ribli, Zoltan"]
[Result "1-0"]
[WhiteElo "2615"]
[BlackElo "2610"]
[Annotator "Dautov,R"]
[PlyCount "53"]
[EventDate "1993.08.??"]
[EventType "tourn"]
[EventRounds "11"]
[EventCountry "POL"]
[EventCategory "13"]
[SourceTitle "CBM 037"]
[Source "ChessBase"]
[SourceDate "1993.12.01"]
[SourceVersion "1"]
[SourceVersionDate "1993.12.01"]
[SourceQuality "1"]

1. d4 {Belov} Nf6 2. Nf3 d5 3. c4 e6 4. g3 Bb4+ 5. Bd2 Be7 6. Bg2 O-O 7. O-O c6
8. Qb3 b6 (8... Nbd7 {Belov} 9. Nc3 (9. Bg5 h6 (9... b6 10. Rd1 Bb7 11. Nc3 Re8
12. Rac1 dxc4 $6 13. Qxc4 $14 {Tukmakov,V-Short,N Rotterdam 1988 Inf 46/665/})
10. Bxf6 Bxf6 11. Nbd2 Qb6 $1 12. e3 Qxb3 13. axb3 e5 $1 $10 {Krasenkov,
M-Goldin,A Cappele la Grande 1992 Inf 54/489/}) 9... b6 10. Bf4 Bb7 11. Rfd1 (
11. Rac1 $5) (11. cxd5 {Belov} exd5 12. Rad1 Ne8 $6 13. e4 $1 Ndf6 14. exd5
cxd5 15. Ne5 Nc7 16. Bg5 $16 {Gleizerov,E-Galdunts,S Voskresensk 1993/}) 11...
c5 (11... Nh5) 12. dxc5 Nxc5 13. Qc2 Qc8 14. Nb5 {Romanishin,O-Polugaevsky,L
Moscow 1985 Inf 35/598/} dxc4 $10) 9. Nc3 Bb7 (9... Ba6 10. cxd5 cxd5 11. Ne5
Bb7 12. Bf4) 10. Rac1 Nbd7 11. cxd5 cxd5 (11... exd5 $14 {Belov}) 12. Bf4 (12.
Rc2 Rc8 13. Rfc1 a6 14. a4 Bd6 15. Na2 Rxc2 16. Rxc2 Qb8 $10 {ECO}) 12... Nh5 (
12... a6 13. Na4 b5 14. Bc7 $1 Qe8 15. Nb6 Nxb6 16. Bxb6 Rc8 17. Ba5 $14) (
12... Ne4 13. Nxe4 dxe4 14. Ne5 (14. Bc7 Qe8 15. Ne5 Nf6 $13) (14. Nd2 Bd5 15.
Qa4 $14) 14... Nxe5 15. dxe5 $14 (15. Bxe5 Bd6 $10)) 13. Be5 $1 (13. Bd2 Rc8
$10) 13... f6 (13... Nxe5 $6 14. dxe5 $16 {/\e3,Nd4}) (13... Rc8 14. Nb5 Nxe5
15. Nxe5 (15. dxe5 $14) 15... a6 16. Na7 Rxc1 17. Rxc1 Bd6 18. Nac6 Qc7 19. Rc3
$16) (13... a6 {Belov} 14. Na4 Nxe5 15. Nxe5 b5 16. Nc5 $16) 14. Bc7 $3 Qxc7 (
14... Qe8 $2 15. g4 Rc8 16. Nb5 a6 17. Na3 $18) 15. Nxd5 Qd6 (15... Bxd5 {Belov
} 16. Qxd5 $1 exd5 17. Rxc7 $18) 16. Nxe7+ Qxe7 17. Rc7 Bd5 (17... Rab8 $2 18.
Qb5 $16 (18. Qb5 {Belov} Rfd8 19. Qxh5 $18)) (17... Bc8 18. Ng5 fxg5 19. Bxa8
$16) 18. Qb5 Rfd8 19. e4 Bxe4 (19... a6 20. Qe2 Qd6 (20... Bxa2 $5 21. Ra1 Bb3
22. Nd2 Qb4 23. Nxb3 Qxb3 24. Qxh5 Qxb2 25. Rd1 $44) 21. Rfc1 Bxa2 (21... Nc5
22. exd5 Qxc7 23. dxc5 exd5 24. Nd4 $16) 22. e5 Qe7 (22... fxe5 23. dxe5) 23.
Nd2 Qe8 (23... Nxg3 24. hxg3 Bd5 25. Bxd5 exd5 26. e6 $18) 24. Bxa8 Rxa8 25. b3
$16) 20. Qxh5 Qd6 (20... Rdc8 21. Ne5 (21. Rfc1 {Belov} Rxc7 22. Rxc7 Qd6 $16)
21... Rxc7 22. Bxe4 fxe5 23. Qxh7+ Kf8 24. Bxa8 exd4 25. Rd1 $16) 21. Rfc1 a6
22. Nh4 $16 Bxg2 23. Nxg2 e5 $6 (23... Qxd4 24. Nf4 (24. Rd1 $18 {Belov}) 24...
Qd6 25. R1c6 Qe5 26. Qxe5 Nxe5 27. Rxb6 $16) 24. Nh4 $1 g6 $2 (24... exd4 25.
Nf5 Qe5 (25... Qf8 26. Nxd4 $16) 26. Nxg7 Kxg7 27. Rxd7+ Rxd7 28. Qg4+ Kh6 29.
Qxd7 $16) (24... Qf8 {Belov} 25. Qg4 Nb8 26. Nf5 $18) 25. Nxg6 $1 $18 hxg6 26.
Qxg6+ Kh8 (26... Kf8 27. R1c6 Qe7 28. Rxd7 Rxd7 29. Rxf6+ $18) 27. dxe5 (27.
dxe5 Qe7 (27... Qxe5 28. R1c4 Qg5 29. Qf7 $18) 28. e6 (28. R1c4 fxe5 29. Kh1
$18) 28... Qxe6 29. R1c4 Qh3 30. Qf7 $18) 1-0